| 000 | 00845nam a2200265Ia 4500 | ||
|---|---|---|---|
| 001 | 21942 | ||
| 005 | 20260320113327.0 | ||
| 008 | 260320s9999||||xx |||||||||||||| ||und|| | ||
| 020 | _a9789972571299 | ||
| 041 | _aESP | ||
| 082 |
_a465 _bG28 |
||
| 100 |
_aGatti Murriel, Carlos, _eAUT |
||
| 245 | 0 |
_aElementos de gramática española _b |
|
| 246 |
_a _5 _b |
||
| 250 | _aCuarta edición | ||
| 260 |
_aLima : _bUniversidad del Pacífico, _c2023 |
||
| 300 |
_a156 páginas : _bcuadros ; _c21 cm. _e |
||
| 440 |
_a(Apuntes de estudio _n; número 6) _v |
||
| 650 | _aLEN | ||
| 653 | _aEspañol - Gramática | ||
| 654 | _aCHU | ||
| 700 |
_aWiesse Rebagliati, Jorge, _cAUT |
||
| 856 |
_uhttps://0u20fluvl-y-https-research-ebsco-com.itmsp.museknowledge.com/c/qxo6us/search _zVéase además: Base de datos EBSCOhost |
||
| 942 |
_cLIB _dJUS _fMAT _2ddc _n |
||
| 999 |
_c21942 _d21942 |
||